00536nam a2200169Ia 4500008004100000020001500041041000800056082001700064100001600081245004800097250000600145260005300151300000800204650000900212999001900221952012600240210716s2003 xx 000 0 und d a812591210X aeng a658.787 SAXJ aSaxen, J P. aWarehouse management and inventory control. a1 aNew DelhibVikas Publishing House Pvt Ltdc2003 a244 aNone c199821d199821 001040708MBAaAIMITbAIMITd2005-11-25g250.00l0o658.787 SAXJpMBA02386r2026-05-23 00:00:00v200.00w2021-07-16yBK